El manuscrit i les fonts del 'Paralipomenon Hispaniae' / Robert Brian Tate
Descripción Física:
p. 107-136 ; 24 cm
MARC
| LEADER | 00000nam a2200000Ia 4500 | ||
|---|---|---|---|
| 001 | 11430 | ||
| 008 | 160829s1953 - 1954 xx 000 0 cat d | ||
| 080 | |a FU-13-3 | ||
| 100 | |a Tate, Robert Brian |9 30145 | ||
| 245 | |a El manuscrit i les fonts del 'Paralipomenon Hispaniae' / Robert Brian Tate | ||
| 260 | |a Barcelona : |b Institut d'Estudis Catalans, |c 1953 - 1954 | ||
| 300 | |a p. 107-136 ; |c 24 cm | ||
| 590 | |a Premi Francesc Cambó 1954. | ||
| 590 | |a Separata d''Estudis Romànics', 4 | ||
| 650 | |a Paralipomenon Hispaniae |x Crítica i interpretació |9 30146 | ||
| 710 | 2 | |a Institut d'Estudis Catalans |9 52284 | |
| 856 | 4 | |u https://media.diba.cat/diba/fitxers/arxiu/fulletons/bib_11430_1954_baixa.pdf |y Accés lliure | |
| 856 | 4 | |u https://media.diba.cat/diba/fitxers/arxiu/fulletons/bib_11430_1954_baixa.pdf |y Accés lliure | |
| 901 | |a Arxiu | ||
| 942 | |n 1 |2 udc | ||
| 952 | |0 0 |1 0 |4 0 |6 FU133 |7 1 |9 45292 |a Arxiu |b Arxiu |d 2016-12-01 |l 0 |o FU-13-3 |p 11430 |r 2016-12-01 00:00:00 |w 2016-12-01 |y ARXIU | ||
| 999 | |c 48366 |d 48366 | ||
| 900 | |a bib_11430_1954_baixa.pdf | ||